| 000 | 00572nam a22001697a 4500 | ||
|---|---|---|---|
| 003 | CEME | ||
| 005 | 20210628203210.0 | ||
| 008 | 210119b xxu||||| |||| 00| 0 eng d | ||
| 040 | _cceme | ||
| 082 | _a509.25491 PRO | ||
| 100 |
_aPcst _938279 |
||
| 245 | _aProductive scientists of pakistan 2005 | ||
| 260 |
_aISLAMABAD _bPAKISTAN COUNCIL FOR SCIENCE AND TECHNOLOGY _c2005 |
||
| 300 | _aVIII,454P | ||
| 650 |
_aPRODUCTIVIE SCIENTISTS OF PAKISTAN 2005.PCST.UNIVERSITY FACULTY PUBLICATIONS.RESEARCH PAPERS AND PUBLICATIONS OF PAKISTANI FACULTY. _963921 |
||
| 942 |
_cBK _2ddc |
||
| 999 |
_c572606 _d572606 |
||